000 00669nam a2200241Ia 4500
003 OSt
005 20220925184803.0
006 a|||||r|||| 00| 0
007 ta
008 220923b |||||||| |||| 00| 0 eng d
037 _cGeneral Book
040 _aRTL
_cRTL
_beng
041 _2eng
_aeng
082 _aX:89K0gF.3.N8, N0
100 _aCappelin Riccardo
_9231383
245 0 _aSpatial context of technological development
260 _aAldershot
_bAvebury
_c1990
300 _axi,501p
_ccm.
650 _a Economics
650 _aLocation
942 _hX:89K0gF.3.N8, N0
_cGB
_2CC
999 _c508842
_d508842